<?xml version="1.0" encoding="UTF-8"?>
<record
    xmlns:xsi="http://www.w3.org/2001/XMLSchema-instance"
    xsi:schemaLocation="http://www.loc.gov/MARC21/slim http://www.loc.gov/standards/marcxml/schema/MARC21slim.xsd"
    xmlns="http://www.loc.gov/MARC21/slim">

  <leader>01230nam0a2200325   4500</leader>
  <controlfield tag="001">RU\NLR\bibl\813718</controlfield>
  <controlfield tag="005">20250614133739.0</controlfield>
  <datafield tag="010" ind1=" " ind2=" ">
    <subfield code="a">5-9684-0024-2</subfield>
    <subfield code="9">7000</subfield>
  </datafield>
  <datafield tag="021" ind1=" " ind2=" ">
    <subfield code="a">RU</subfield>
    <subfield code="b">2005-10154</subfield>
    <subfield code="9">525</subfield>
  </datafield>
  <datafield tag="035" ind1=" " ind2=" ">
    <subfield code="a">(NLR Aleph) 000802766</subfield>
  </datafield>
  <datafield tag="090" ind1=" " ind2=" ">
    <subfield code="a">1191736</subfield>
    <subfield code="c">1191736</subfield>
  </datafield>
  <datafield tag="100" ind1=" " ind2=" ">
    <subfield code="a">20050629d2005    |||y0rusy50      ca</subfield>
  </datafield>
  <datafield tag="101" ind1="0" ind2=" ">
    <subfield code="a">rus</subfield>
  </datafield>
  <datafield tag="102" ind1=" " ind2=" ">
    <subfield code="a">RU</subfield>
  </datafield>
  <datafield tag="105" ind1=" " ind2=" ">
    <subfield code="a">y   |||||||||</subfield>
  </datafield>
  <datafield tag="200" ind1="1" ind2=" ">
    <subfield code="a">&#x41B;&#x435;&#x447;&#x435;&#x43D;&#x438;&#x435; &#x431;&#x43E;&#x43B;&#x435;&#x437;&#x43D;&#x435;&#x439; &#x441;&#x43F;&#x438;&#x43D;&#x44B; &#x438; &#x441;&#x443;&#x441;&#x442;&#x430;&#x432;&#x43E;&#x432;</subfield>
    <subfield code="f">&#x410;&#x43D;&#x442;&#x438;&#x43F; &#x411;&#x440;&#x430;&#x433;&#x438;&#x43D;</subfield>
  </datafield>
  <datafield tag="210" ind1=" " ind2=" ">
    <subfield code="a">&#x421;&#x430;&#x43D;&#x43A;&#x442;-&#x41F;&#x435;&#x442;&#x435;&#x440;&#x431;&#x443;&#x440;&#x433;</subfield>
    <subfield code="c">&#x412;&#x435;&#x43A;&#x442;&#x43E;&#x440;</subfield>
    <subfield code="d">2005</subfield>
  </datafield>
  <datafield tag="215" ind1=" " ind2=" ">
    <subfield code="a">120 &#x441;.</subfield>
    <subfield code="d">20</subfield>
  </datafield>
  <datafield tag="225" ind1="1" ind2=" ">
    <subfield code="a">&#x41D;&#x430;&#x440;&#x43E;&#x434;&#x43D;&#x430;&#x44F; &#x43A;&#x43D;&#x438;&#x433;&#x430;</subfield>
    <subfield code="e">&#x43E;&#x43F;&#x44B;&#x442; &#x432;&#x44B;&#x437;&#x434;&#x43E;&#x440;&#x43E;&#x432;&#x43B;&#x435;&#x43D;&#x438;&#x44F;</subfield>
  </datafield>
  <datafield tag="300" ind1=" " ind2=" ">
    <subfield code="a">&#x417;&#x430;&#x433;&#x43B;. &#x43E;&#x431;&#x43B;.: &#x41B;&#x435;&#x447;&#x435;&#x43D;&#x438;&#x435; &#x441;&#x43F;&#x438;&#x43D;&#x44B; &#x438; &#x441;&#x443;&#x441;&#x442;&#x430;&#x432;&#x43E;&#x432;</subfield>
  </datafield>
  <datafield tag="512" ind1="1" ind2=" ">
    <subfield code="6">z20790</subfield>
    <subfield code="a">&#x41B;&#x435;&#x447;&#x435;&#x43D;&#x438;&#x435; &#x441;&#x43F;&#x438;&#x43D;&#x44B; &#x438; &#x441;&#x443;&#x441;&#x442;&#x430;&#x432;&#x43E;&#x432;</subfield>
  </datafield>
  <datafield tag="606" ind1="1" ind2=" ">
    <subfield code="a">&#x41E;&#x43F;&#x43E;&#x440;&#x43D;&#x43E;-&#x434;&#x432;&#x438;&#x433;&#x430;&#x442;&#x435;&#x43B;&#x44C;&#x43D;&#x44B;&#x439; &#x430;&#x43F;&#x43F;&#x430;&#x440;&#x430;&#x442;</subfield>
    <subfield code="x">&#x411;&#x43E;&#x43B;&#x435;&#x437;&#x43D;&#x438;</subfield>
    <subfield code="x">&#x422;&#x435;&#x440;&#x430;&#x43F;&#x438;&#x44F; &#x43D;&#x430;&#x440;&#x43E;&#x434;&#x43D;&#x44B;&#x43C;&#x438; &#x441;&#x440;&#x435;&#x434;&#x441;&#x442;&#x432;&#x430;&#x43C;&#x438;</subfield>
    <subfield code="9">2203825</subfield>
    <subfield code="3">RU\NLR\auth\661324167</subfield>
  </datafield>
  <datafield tag="686" ind1=" " ind2=" ">
    <subfield code="a">&#x420;418-5</subfield>
  </datafield>
  <datafield tag="700" ind1=" " ind2="1">
    <subfield code="a">&#x411;&#x440;&#x430;&#x433;&#x438;&#x43D;</subfield>
    <subfield code="b">&#x410;.</subfield>
    <subfield code="g">&#x410;&#x43D;&#x442;&#x438;&#x43F;</subfield>
    <subfield code="4">070</subfield>
  </datafield>
  <datafield tag="790" ind1=" " ind2="1">
    <subfield code="6">z20512</subfield>
    <subfield code="a">&#x411;&#x440;&#x430;&#x433;&#x438;&#x43D;</subfield>
    <subfield code="b">&#x410;.</subfield>
    <subfield code="g">&#x410;&#x440;&#x442;&#x435;&#x43C;</subfield>
    <subfield code="4">070</subfield>
  </datafield>
  <datafield tag="801" ind1=" " ind2="0">
    <subfield code="a">RU</subfield>
    <subfield code="b">NLR</subfield>
    <subfield code="c">20050629</subfield>
    <subfield code="g">rcr</subfield>
  </datafield>
  <datafield tag="801" ind1=" " ind2="1">
    <subfield code="a">RU</subfield>
    <subfield code="b">NLR</subfield>
    <subfield code="c">20050629</subfield>
  </datafield>
  <datafield tag="942" ind1=" " ind2=" ">
    <subfield code="c">BOOK</subfield>
  </datafield>
  <datafield tag="980" ind1=" " ind2=" ">
    <subfield code="a">NB</subfield>
  </datafield>
  <datafield tag="995" ind1=" " ind2=" ">
    <subfield code="5">2005-06-29</subfield>
    <subfield code="a">ad</subfield>
    <subfield code="b">NLR01</subfield>
    <subfield code="c">NLR01</subfield>
    <subfield code="e">RF3</subfield>
    <subfield code="f">946649</subfield>
    <subfield code="k">2005-3/18069</subfield>
    <subfield code="o">0</subfield>
    <subfield code="r">BOOK</subfield>
    <subfield code="s">2005318069_</subfield>
  </datafield>
  <datafield tag="995" ind1=" " ind2=" ">
    <subfield code="5">2005-06-29</subfield>
    <subfield code="a">ad</subfield>
    <subfield code="b">NLR01</subfield>
    <subfield code="c">NLR01</subfield>
    <subfield code="e">RF3</subfield>
    <subfield code="f">946650</subfield>
    <subfield code="k">2005-3/18069</subfield>
    <subfield code="o">0</subfield>
    <subfield code="r">BOOK</subfield>
    <subfield code="s">2005318069_</subfield>
  </datafield>
</record>
